Local Information and Firm Expectations About Aggregates
Pomocou nových údajov z prieskumu o očakávaniach kvantitatívneho rastu firiem v Nemecku sme ukázali, že firmy sa pri vytváraní očakávaní o súhrnnom raste uchyľujú k miestnym informáciám. Firmy extrapolujú z ekonomickej situácie vo svojom kraji, rastu odvetvia a ich individuálnej podnikateľskej situá...
Gespeichert in:
| 1. Verfasser: | |
|---|---|
| Weitere Verfasser: | , |
| Format: | Buchkapitel |
| Sprache: | Englisch |
| Schlagworte: | |
| Tags: |
Keine Tags, Fügen Sie das erste Tag hinzu!
|
MARC
| LEADER | 00000naa a2200000 4500 | ||
|---|---|---|---|
| 001 | 0297130 | ||
| 005 | 20231114120615.7 | ||
| 041 | 0 | |a eng | |
| 044 | |a NL | ||
| 245 | 1 | 0 | |a Local Information and Firm Expectations About Aggregates |c Jonas Dovern, Lena Sophia Müller, Klaus Wohlrabe |
| 520 | |a Pomocou nových údajov z prieskumu o očakávaniach kvantitatívneho rastu firiem v Nemecku sme ukázali, že firmy sa pri vytváraní očakávaní o súhrnnom raste uchyľujú k miestnym informáciám. Firmy extrapolujú z ekonomickej situácie vo svojom kraji, rastu odvetvia a ich individuálnej podnikateľskej situácie. Premenné (fixné efekty) merajúce lokálne signály tvoria až 26 % (47 %) rozptylu očakávaní medzi firmami. Efekt je obzvlášť silný pre malé firmy. Naše výsledky potvrdzujú predpovede teoretických modelov s racionálnou nepozornosťou. | ||
| 610 | 2 | 0 | |a firmy |
| 610 | 2 | 0 | |a informácie |
| 610 | 2 | 0 | |a rast podniku |
| 610 | 2 | 0 | |a prieskum |
| 610 | 2 | 0 | |a Nemecko |
| 100 | 1 | |a Dovern, Jonas | |
| 700 | 1 | |a Müller, Lena Sophia | |
| 700 | 1 | |a Wohlrabe, Klaus | |